000
00309nam a2200121Ia 4500
008
220216s9999 xx 000 0 und d
100
_a
Kamalam Joseph
245
0
_a
Conserve water for a better future
260
_b
Planters chronicle
_c
1995
300
_a
601-608
650
_a
Water conservation
942
_c
JS
999
_c
56182
_d
56182